[Event "GER-ch U12"]
[Site "Oberhof"]
[Date "2011.06.13"]
[Round "3"]
[White "Sadewasser, Lucie"]
[Black "Uffrecht, Luise"]
[Result "1-0"]
[WhiteElo "1361"]
[BlackElo "958"]
[PlyCount "93"]
[EventDate "2011.06.11"]
[EventType "swiss"]
[EventRounds "11"]
[EventCountry "GER"]
[SourceTitle "CBM 142 Extra"]
[Source "ChessBase"]
[SourceDate "2011.06.27"]
[SourceVersion "1"]
[SourceVersionDate "2011.06.27"]
[SourceQuality "1"]

1. e4 e5 2. Nf3 Nc6 3. Nc3 Nf6 4. d4 d6 5. Bb5 Bd7 6. Bg5 Be7 7. dxe5 Nxe5 8. Bxd7+ Qxd7 9. Nxe5 dxe5 10. Bxf6 Bxf6 11. Qxd7+ Kxd7 12. Rd1+ Ke7 13. Nd5+ Kf8 14. Nxc7 Rd8 15. Ke2 Rc8 16. Rd7 a6 17. Kf3 g6 18. Nd5 Kg7 19. Rd1 Rhd8 20. Nxf6 Rxd7 21. Nxd7 Rd8 22. Ke2 f6 23. Nc5 Rc8 24. Nxb7 Rxc2+ 25. Rd2 Rc4 26. Nd6 Rc6 27. f3 Kf8 28. Nb7 Ke7 29. Na5 Rc7 30. Kd1 Ke6 31. Nb3 Rd7 32. Nc5+ Kf7 33. Rxd7+ Kg8 34. Nxa6 Kf8 35. b4 f5 36. b5 Ke8 37. Ra7 fxe4 38. b6 e3 39. b7 e2+ 40. Ke1 Ke7 41. b8Q+ Ke6 42. g4 Kd5 43. Rd7+ Kc4 44. Qc8+ Kb5 45. Rb7+ Ka5 46. Qc5+ Kxa6 47. Qb6# 1-0